000 01010nas a2200337 4500
001 BR0602377
003 BR-BrBNA
005 20231205110030.0
007 ta
008 230509b bl.|||p| |||| 00| 00por d
040 _aBR-BrBNA
_bpor
_cBiblioteca Nacional de Agricultura
041 _a(Pt)
072 _aF01; F62; F30
100 1 _aStreck, N.A.
100 1 _aTibola, T.
100 1 _aLago, I.
100 1 _aBuriol, G.A.
100 1 _aHeldwein, A.B.
100 1 _aSchneider, F.M.
100 1 _aZago, V.
245 1 _aEstimativa do plastocrono em meloeiro (Cucumis melo L.)cultivado em estufa plástica em diferentes épocas do ano
650 _aCUCUMIS MELO
650 _aMELÃO
650 _aPRÁTICA CULTURAL
650 _aESTUFA
650 _aETAPA DE DESENVOLVIMENTO DA PLANTA
650 _aHIBRIDAÇÃO
773 0 _tCiência Rural (Brazil)
_xISSN 0103-8478
_g(Nov-Dec 2005), v. 35(6) p. 1275-1280
_wBR0602377
909 _a202311
_bLúcia
_c55
_dLúcia Elande
942 _2AGRIS
_n0
_cANA
999 _c185902
_d185902